000 00548pab a2200181 454500
008 180718b2004 xxu||||| |||| 00| 0 eng d
100 _aChowdhary, Rekha
245 _aNational conference of Jammu and Kashmir: from hegemonic to competitive politics
260 _c2004
300 _ap.1521-527.
362 _a3 and 10 Apr
650 _aNational Conference
650 _aPolitical parties - India - Jammu and Kashmir
650 _aPolitical parties
700 _aRao, V. Nagendra
773 _aEconomic and Political Weekly
909 _a60220
999 _c60220
_d60220